000 00594nam a2200217Ia 4500
003 OSt
005 20220928120903.0
006 a|||||r|||| 00| 0
007 ta
008 220927b |||||||| |||| 00| 0 eng d
024 _a131994
037 _cReference Collections
040 _aSDCL
_cSDCL
_beng
041 _2eng
_aeng
082 _aV1N4k1,N99, N9 RR
245 0 _aEUROPA DIRECTORY of International organizations.
260 _aLondon
_c1999
300 _axii,568p
_ccm.
942 _hV1N4k1,N99, N9 RR
_cREF
_2CC
999 _c765411
_d765411